000 00349 a2200169 4500
001 184195
020 _a85-08-08165-0
040 _cMagnum
100 _aMachado, Ana Maria
240 1 0 _aDo outro mundo
_lpor
245 1 0 _aDo outro mundo
300 _a123
362 0 _a2003
440 1 _aÁtica
697 _aLITERATURA JUVENIL
942 _cBK
999 _c184195
_d184195